Puzzle cinta Aisara
| Main Author: | Lily Qiara |
|---|---|
| Subjects: |
| LEADER | 00585cam a2200193 7i4500 | ||
|---|---|---|---|
| 001 | 0000083555 | ||
| 005 | 20240823090000.0 | ||
| 020 | |a 9789671188293 (paperback) | ||
| 090 | 0 | 0 | |a F |b LIL 2013 |
| 100 | 0 | |a Lily Qiara | |
| 245 | 1 | 0 | |a Puzzle cinta Aisara |c Lily Qiara. |
| 264 | |a Kuala Lumpur: |b Lovenovel Enterprise, |c 2013. | ||
| 300 | |a 523 pages; |c 19 cm. | ||
| 336 | |a text |2 rdacontent | ||
| 337 | |a unmediated |2 rdamedia | ||
| 338 | |a volume |2 rdacarrier | ||
| 500 | |a Gift: Cik Siti Nur Jumayza Yahafi | ||
| 650 | 0 | |a Malay fiction | |
| 999 | |a 0000071848 |b BOK |c OPEN SHELF |e Ground Floor, Bestari Jaya | ||


